| 000 | 00405nam a2200145 4500 | ||
|---|---|---|---|
| 001 | 122439 | ||
| 003 | ES-MaACL | ||
| 007 | t| | ||
| 008 | 070214s1979 mx r ||||1| spa d | ||
| 100 | 1 |
_aPuebla, Alvaro de. _994122 |
|
| 245 | 1 | 3 |
_aEl jardín de los fantasmas / _cAlvaro de Puebla. |
| 260 |
_aPuebla (Méjico) : _bEl Autor, _c1979. |
||
| 300 |
_a119 p. ; _c21 cm. |
||
| 852 |
_aES-MaACL _jL-351 _bR.101288 |
||
| 999 |
_c122439 _d122439 |
||